Daily U.S. State Riddle #41 - Statistics

General Stats
  • This quiz has been taken 71 times
  • The average score is 36 of 39
Answer Stats
Type Answer % Correct
Found Letter A
100%
Alphabet Letter C
100%
Alphabet Letter H
100%
Found Letter I
100%
Alphabet Letter L
100%
Found Letter N
100%
Alphabet Letter O
100%
Found Letter R
100%
Found Letter T
100%
Alphabet Letter K
98%
Found Letter S
98%
Alphabet Letter D
97%
Found Letter E
97%
Alphabet Letter M
97%
Alphabet Letter U
97%
Found Letter W
97%
Alphabet Letter Y
97%
Alphabet Letter B
93%
Found Letter G
93%
Alphabet Letter P
93%
Alphabet Letter Z
92%
Alphabet Letter F
90%
Alphabet Letter X
90%
Alphabet Letter J
88%
Found Letter V
88%
Correctly Placed Letter A
85%
Correctly Placed Letter E
85%
Correctly Placed Letter G
85%
Correctly Placed Letter I
85%
Correctly Placed Letter I
85%
Correctly Placed Letter I
85%
Correctly Placed Letter N
85%
Alphabet Letter Q
85%
Correctly Placed Letter R
85%
Correctly Placed Letter S
85%
Correctly Placed Letter T
85%
Correctly Placed Letter V
85%
Correctly Placed Letter W
85%
Mystery U.S. State West Virginia
85%
No matching quizzes found
Score Distribution
Percent of People with Each Score
Percentile by Number Answered
Your Score History
You have not taken this quiz